Historia viva e ingeniería de la historia: Confluencia de sociología rural e historia agraria en guatemala /
Uloženo v:
| Hlavní autor: | |
|---|---|
| Médium: | Text |
| Témata: | |
| Tagy: |
Přidat tag
Žádné tagy, Buďte první, kdo vytvoří štítek k tomuto záznamu!
|
MARC
| LEADER | 00000 a a2200000 04500 | ||
|---|---|---|---|
| 001 | 45488 | ||
| 003 | |||
| 040 | |||
| 090 | |a REV0780 (40)2002 | ||
| 100 | |a Castellanos Cambranes, Julio | ||
| 245 | |a Historia viva e ingeniería de la historia: |b Confluencia de sociología rural e historia agraria en guatemala / |c Julio Castellanos Cambranes | ||
| 650 | |a HISTORIA SOCIAL | ||
| 650 | |a SOCIOLOGIA | ||
| 650 | |a COLONIALISMO | ||
| 650 | |a ESTADO | ||
| 650 | |a TENENCIA DE LA TIERRA | ||
| 650 | |a POBREZA | ||
| 650 | |a INDICADORES ECONOMICOS | ||
| 773 | |g número40, V Epoca (2002), páginas 60-70 | ||
| 999 | |c 23318 |d 23318 | ||
